[Event "2nd Polugaevsky Mem"]
[Site "Samara RUS"]
[Date "2012.07.10"]
[Round "6.2"]
[White "Kovalenko, I."]
[Black "Khismatullin, D."]
[Result "1-0"]
[WhiteElo "2556"]
[BlackElo "2664"]
[PlyCount "211"]
[EventDate "2012.07.05"]
[SourceDate "1999.07.01"]

1. d4 Nf6 2. c4 e6 3. Nf3 d5 4. Nc3 Bb4 5. cxd5 exd5 6. Bg5 Nbd7 7. e3 h6 8.
Bxf6 Qxf6 9. Qb3 Qd6 10. a3 Ba5 11. Qb5 Bxc3+ 12. bxc3 O-O 13. Bd3 b6 14. O-O
Bb7 15. a4 c5 16. Qb2 Bc6 17. Qa3 Qf6 18. Rfb1 c4 19. Bf1 Rae8 20. a5 b5 21.
Rb2 Re6 22. Re2 Rfe8 23. Ne1 Qh4 24. a6 Rg6 25. g3 Qd8 26. Bg2 Nb6 27. Nc2 Bd7
28. Nb4 Bf5 29. Rae1 Rge6 30. Qa2 h5 31. Qd2 h4 32. f3 hxg3 33. e4 dxe4 34.
fxe4 Bg4 35. Re3 gxh2+ 36. Kh1 Rg6 37. Rg3 Nd7 38. e5 Nxe5 39. Qe3 Rge6 40.
dxe5 Rxe5 41. Qxe5 Rxe5 42. Rxe5 Qh4 43. Re8+ Kh7 44. Ree3 Qd8 45. Nc6 Qd6 46.
Kxh2 Bd7 47. Ne5 Be6 48. Nf3 Kg8 49. Bh3 Bd7 50. Re2 Bc6 51. Nd4 g6 52. Be6 Kf8
53. Rf2 Be8 54. Kg2 Ke7 55. Bxf7 Bxf7 56. Re3+ Kf8 57. Ref3 Qd5 58. Kf1 Kg8 59.
Rxf7 Qh1+ 60. Ke2 Qe4+ 61. Kd2 Qd3+ 62. Kc1 Qxc3+ 63. Nc2 Qg3 64. R2f3 Qg4 65.
Kb2 Qe4 66. Kc3 Qe5+ 67. Kb4 Qd6+ 68. Kxb5 Qb6+ 69. Kxc4 Qxa6+ 70. Kc3 Qa5+ 71.
Kb2 Qd5 72. R7f4 Kg7 73. Re3 Qb5+ 74. Rb4 Qc5 75. Rb7+ Kh6 76. Rh3+ Kg5 77. Rc3
Qd6 78. Rb5+ Kh6 79. Rh3+ Kg7 80. Rb7+ Kf6 81. Ra3 a6 82. Rab3 Kg5 83. R7b6
Qe5+ 84. Kb1 Qf5 85. Ra3 a5 86. Rab3 Kh4 87. Rd6 g5 88. Rh6+ Kg4 89. Rh1 Qe4
90. Re1 Qa4 91. Kb2 Qc6 92. Nd4 Qd5 93. Kc3 Qg2 94. Re2 Qg3+ 95. Kc4 Qc7+ 96.
Kb5 Qd7+ 97. Kc4 Qf7+ 98. Kd3 Qf1 99. Kc4 Qf7+ 100. Kc3 Qc7+ 101. Kd3 Qh7+ 102.
Re4+ Kh3 103. Kd2+ Kg2 104. Re2+ Kf1 105. Rf3+ Kg1 106. Rc3 1-0

[Event "Corporation Centre Cup A"]
[Site "Izhevsk RUS"]
[Date "2012.07.24"]
[Round "9.2"]
[White "Kovalenko, I."]
[Black "Khismatullin, D."]
[Result "1-0"]
[WhiteElo "2556"]
[BlackElo "2664"]
[PlyCount "105"]
[EventDate "2012.07.15"]
[SourceDate "1999.07.01"]

1. d4 Nf6 2. c4 e6 3. Nf3 d5 4. Nc3 Bb4 5. cxd5 exd5 6. Bg5 Nbd7 7. e3 h6 8.
Bxf6 Qxf6 9. Qb3 Qd6 10. a3 Ba5 11. Qb5 Bxc3+ 12. bxc3 O-O 13. Be2 b6 14. O-O
Bb7 15. a4 c5 16. Qb2 Bc6 17. Qa3 Qc7 18. Nd2 Rfe8 19. Rfe1 c4 20. Bd1 Nf6 21.
Bc2 Re6 22. Re2 Rae8 23. Rae1 Nh5 24. g3 Nf6 25. f3 Qb7 26. g4 Qc7 27. Nf1 g6
28. h4 Qd8 29. Qc1 Qd7 30. Qd1 Qd6 31. Kf2 Qa3 32. Qa1 Qe7 33. Kg1 Qd6 34. Rg2
R8e7 35. Qc1 h5 36. g5 Ne8 37. Ng3 Ng7 38. e4 Qd7 39. e5 Bxa4 40. Bb1 b5 41. f4
Rb6 42. f5 gxf5 43. Rf1 b4 44. cxb4 c3 45. Qxc3 Qc7 46. Qd2 Bd7 47. Nxf5 Bxf5
48. Bxf5 Nxf5 49. Rxf5 Qc4 50. Rf6 Qxb4 51. g6 Qxd2 52. gxf7+ Kh7 53. Rg7+ 1-0

[Event "40th TCh-GRE 2012"]
[Site "Achaea GRE"]
[Date "2012.07.03"]
[Round "5.6"]
[White "Ragger, M."]
[Black "Hammer, J."]
[Result "1/2-1/2"]
[WhiteElo "2670"]
[BlackElo "2630"]
[PlyCount "38"]
[EventDate "2012.06.30"]
[SourceDate "1999.07.01"]
[WhiteTeam "ECA KORYDALLOS"]
[BlackTeam "OP FLORINA"]

1. Nf3 d5 2. d4 Nf6 3. c4 e6 4. Nc3 Bb4 5. Bg5 h6 6. Bxf6 Qxf6 7. Qa4+ Nc6 8.
e3 O-O 9. Be2 Bd7 10. Qb3 dxc4 11. Qxc4 Qg6 12. O-O Bd6 13. a3 a6 14. Rfd1 b5
15. Qa2 Kh8 16. Nh4 Qh7 17. Nf3 Qg6 18. Nh4 Qh7 19. Nf3 Qg6 1/2-1/2

[Event "40th TCh-GRE 2012"]
[Site "Achaea GRE"]
[Date "2012.07.04"]
[Round "6.3"]
[White "Macieja, B."]
[Black "Hammer, J."]
[Result "0-1"]
[WhiteElo "2614"]
[BlackElo "2630"]
[PlyCount "138"]
[EventDate "2012.06.30"]
[SourceDate "1999.07.01"]
[WhiteTeam "CORINTH REC ARGONAFTIS"]
[BlackTeam "OP FLORINA"]

1. Nf3 d5 2. d4 Nf6 3. c4 e6 4. Nc3 Bb4 5. Bg5 h6 6. Bh4 dxc4 7. a3 Bxc3+ 8.
bxc3 b5 9. a4 c6 10. Bxf6 Qxf6 11. Ne5 a6 12. g3 Bb7 13. Bg2 Qe7 14. O-O O-O
15. f4 Re8 16. Qb1 f6 17. Qg6 Ra7 18. Be4 f5 19. Bf3 Rd8 20. g4 c5 21. axb5
Bxf3 22. Nxf3 fxg4 23. Qxg4 cxd4 24. Nxd4 axb5 25. Rxa7 Qxa7 26. Qxe6+ Kh8 27.
e3 Qa5 28. f5 Rg8 29. Rc1 b4 30. cxb4 Qxb4 31. Qxc4 Qa3 32. Rc3 Qa1+ 33. Rc1
Qa3 34. Qc3 Qa8 35. Qc7 Qe4 36. Kf2 Na6 37. Qd6 Qh4+ 38. Ke2 Qg4+ 39. Kf2 Qh4+
40. Ke2 Qg4+ 41. Kd3 Ra8 42. Rb1 Re8 43. Qc6 Re5 44. Kd2 Qh3 45. Re1 Nc5 46.
Kc2 Ne4 47. Kb2 Nf6 48. Qa8+ Re8 49. Qf3 Qxh2+ 50. Re2 Qc7 51. Qc6 Qa5 52. e4
Ra8 53. Nb3 Qa3+ 54. Kc2 Rb8 55. Nc1 Qb2+ 56. Kd1 Qd4+ 57. Ke1 Qg1+ 58. Kd2
Rd8+ 59. Kc2 Qd1+ 60. Kb1 Qd4 61. Nb3 Qd3+ 62. Qc2 Qb5 63. e5 Nd5 64. Rd2 Rb8
65. f6 gxf6 66. Kb2 Ne3 67. Qc3 Nc4+ 68. Kc1 Nxd2 69. Nxd2 Qxe5 0-1

[Event "XXI Adolf Anderssen Mem Prelim"]
[Site "Wroclaw POL"]
[Date "2012.06.30"]
[Round "8"]
[White "Krasenkow, M."]
[Black "Arutinian, D."]
[Result "1/2-1/2"]
[WhiteElo "2604"]
[BlackElo "2561"]
[PlyCount "66"]
[EventDate "2012.06.30"]
[SourceDate "1999.07.01"]

1. Nf3 Nf6 2. c4 e6 3. Nc3 d5 4. d4 Bb4 5. Qa4+ Nc6 6. e3 O-O 7. Bd2 dxc4 8.
Bxc4 Bd6 9. O-O a6 10. Be2 b5 11. Qc2 Bb7 12. a3 e5 13. Bd3 exd4 14. exd4 Ne7
15. Ne4 Nxe4 16. Bxe4 Bxe4 17. Qxe4 Qd7 18. Rac1 Qf5 19. Qxf5 Nxf5 20. Bb4 Bxb4
21. axb4 Rfd8 22. Rfd1 Rd7 23. g4 Nd6 24. Rc6 f6 25. Rdc1 Ra7 26. Ra1 Nc4 27.
Rcxa6 Rxa6 28. Rxa6 Nxb2 29. Ra8+ Kf7 30. Rb8 c6 31. Rc8 Nd3 32. Rxc6 Nxb4 33.
Rb6 Nc2 1/2-1/2